Who is the feature on this song?- BRAT, Charli XCX - Statistics

General Stats
  • This quiz has been taken 62 times
  • The average score is 11 of 16
Answer Stats
Song Title Featuring % Correct
Guess Billie Eilish
98%
Girl, so confusing Lorde
95%
Sympathy is a knife Ariana Grande
93%
Talk talk Troye Sivan
93%
Von dutch a.g remix Addison rae, A.G Cook
88%
365 Shygirl
71%
I might say something stupid The 1975, Jon Hopkins
70%
360 Robyn, Yung Lean
68%
So I A.G Cook
66%
Club classics Bb trickz
64%
Everything is romantic Caroline Polachek
63%
I think about it all the time Bon Iver
57%
Mean girls Julian Casablancas
57%
B2b Tinashe
57%
Rewind Bladee
55%
Apple The Japanese House
54%
No matching quizzes found
Score Distribution
Percent of People with Each Score
Percentile by Number Answered
Your Score History
You have not taken this quiz